Normal view
MARC view
- Hunt, G.H
Entry Personal Name
001 - CONTROL NUMBER
- control field: 49932
003 - CONTROL NUMBER IDENTIFIER
- control field: NUST
005 - DATE AND TIME OF LATEST TRANSACTION
- control field: 20210314134500.0
008 - FIXED-LENGTH DATA ELEMENTS
- fixed length control field: 210314|| aca||aabn | a|a d
040 ## - CATALOGING SOURCE
- Original cataloging agency: NUST
- Transcribing agency: NUST
100 ## - HEADING--PERSONAL NAME
- Personal name: Hunt, G.H
670 ## - SOURCE DATA FOUND
- Source citation: Work cat.: (NUST): Hunt, G.H, Outram & Havelock's Perdsian campaign., 1858
